First player to reach X trophies in Brawl stars - Statistics

General Stats
  • This quiz has been taken 11 times
  • The average score is 5 of 12
Answer Stats
X trophies Answer % Correct
70k Hyra
71%
80k Hyra
71%
90k Hyra
71%
100k Hyra
71%
10k Chief pat
43%
50k Equaak
29%
60k Equaak
29%
120k JuanCarlos
29%
30k Ash
14%
20k Lex
14%
140k Sniper
14%
40k TwistiTwik
0%
No matching quizzes found
Score Distribution
Percent of People with Each Score
Percentile by Number Answered
Your Score History
You have not taken this quiz